Регионална библиотека "Любен Каравелов" - Русе

Наследникът (Запис номер 7615)

MARC детайли
000 -Лидер
Контролно поле с фиксирана дължина 01432nam a2200349 c 4500
003 - Код на организацията, давaща контролен номер
Контролно поле BLK
005 - Дата и час на последна редакция
Контролно поле 20231216103454.0
008 - Елементи от данни с фиксирана дължина
fixed length control field 180412b bul|||||r ||||||| ||bul||
010 ## - Наследен системен номер
LC control number KNG00008937000
020 ## - Международен стандартен номер на книга ISBN
Международен стандартен номер на книга ISBN 954-8009-54-4
-- издат.: Гарант-21 - на том(ч. 1)
040 ## - Източник на каталожния запис
Идентификатор на билиотеката - собственик на записа BLK
041 ## - Код за език
Код за езика на текст/звукозапис или на отделно заглавие Български
Код за езика КДБФ Български
080 ## - УДК
Текстов определител УДК Американска литература (на САЩ)
УДК код - определител по УДК 821.111(73)
УДК определител -312.4
УДК - код + определител 821.111(73)-312.4
100 1# - Редна дума - Автор
Автор Ван Лустбадер, Ерик
Авторска отговорност първи автор
R(LIN) 244416
139 ## - Редно поле
Редна дума Ван Лустбадер, Ерик
Авторски знак Ванк - В 20
245 10 - Сведения за заглавието
Заглавие Наследникът
Подзаглавни данни Роман : Ч. 1 - 2
Редно поле (дума) Ерик Ван Лустбадер; прев. от англ. Веселин Лаптев.
Том Ч. 1
257 ## - Страна на издаване
Страна на създаване/издаване Съединени американски щати
260 ## - Област на издателските данни
-- София
Година на издаване 1995
Печатница Враца : Полипринт
300 ## - Физическа характеристика
Размери/Мащаб 20 см
380 ## - Жанр
Жанр Худож. лит.
500 ## - Общи забележки
Забележка Ориг. загл. Shan / Eric Van Lustbader. - 5 500 тир.
653 ## - Ключова дума – ненормативна
Ключова дума трилъри
653 ## - Ключова дума – ненормативна
Ключова дума романи
700 1# - Други автори (авторска отговорност)
Лично име Лаптев, Веселин
Автороска отговорност (Описва отношението между автора и произведението) прев. от англ.
9 (RLIN) 242816
760 1# - Описание на основната серия
-- - на том(ч. 1)
Редна дума на основното описание Ван Лустбадер, Ерик
Място на издаване, издател и година Гарант-21, 1995
Страници - том 320 с.
Заглавие Ч. 1
852 ## - Местоположение
Форматна сигнатура Цб 183838
856 4# - Електронен адрес и достъп
Електронен формат pdf - файл
Път до файла /url/
856 4# - Електронен адрес и достъп
Електронен формат pdf - файл
Път до файла /url/
942 ## - АРТИКУЛИ
Вид на библиотечния материал Книги
Скрит в OPAC Не
Koha issues (borrowed), all copies 8
944 ## - СЪЗДАВАНЕ И РЕДАКЦИЯ на ЗАПИСА
Създаване/Редакция Създаване
Дата на регистрацията/редакция 15.01.2003
Статус, дата на статуса Цветомила Тодорова
Служител, извършил регистрацията/редакцията 30576
944 ## - СЪЗДАВАНЕ И РЕДАКЦИЯ на ЗАПИСА
Създаване/Редакция Редакция
Дата на регистрацията/редакция 15.12.2017
Статус, дата на статуса ф /
Служител, извършил регистрацията/редакцията Людмила_Стоянова
999 ## - СИСТЕМНИ КОНТРОЛНИ НОМЕРА
Koha biblionumber 7615
Koha biblioitemnumber 7615
Наличности
Код за отписване Код за изгубен артикул Източник на класификационната схема Код за повреда Коз за рестрикции Код за отдаване Артикулен № Име на библиотеката - собственик Име на библиотеката, в която се намира в момента Статус (Текущо местоположение) Дата на вписване в системата Местоположение - отдел Цена в лева Инвентарен номер Систематично азбучна сигнатура Баркод Номер на екземпляра Цена в евро Служебна бележка Служебен тип на артикула
  Не е изгубен Universal Decimal Classification Не е повреден без рестрикции ползва се в читалня 13139 Регионална библиотека "Любен Каравелов" Русе Регионална библиотека "Любен Каравелов" Русе Хранилище 2001-01-01 Хранилище 1.07 616695 Цб 183838 120000616695 1 0.55 Дост: Dp Вид: Д N: стар фонд Дата: 01.01.1995 Дата инв: 11.09.2014 Бележки инв: Цб2014 Книги
Изтеглен Не е изгубен Universal Decimal Classification Не е повреден без рестрикции заемане за дома 13140 Регионална библиотека "Любен Каравелов" Русе Регионална библиотека "Любен Каравелов" Русе Заемна - подръчен фонд 2005-04-20 Заемна - подръчен фонд 3.00 120000693348 П 820(73)-31/В 20 120000693348 2 1.53 Дост: Pk Вид: Ф N: 2 Дата: 20.04.2005 Книги
Изтеглен Не е изгубен Universal Decimal Classification Не е повреден без рестрикции заемане за дома 13141 Регионална библиотека "Любен Каравелов" Русе Регионална библиотека "Любен Каравелов" Русе Заемна - подръчен фонд 1995-01-01 Заемна - подръчен фонд 1.07 614931 П 820(73)-31/В 20 614931 3 0.55 Дост: Pk Вид: Ф N: стар фонд Дата: 01.01.1995 Книги
Изтеглен Не е изгубен Universal Decimal Classification Не е повреден без рестрикции заемане за дома 13142 Регионална библиотека "Любен Каравелов" Русе Регионална библиотека "Любен Каравелов" Русе Заемна - подръчен фонд 1995-01-01 Заемна - подръчен фонд 1.08 614932 П 820(73)-31/В 20 614932 4 0.55 Дост: Pk Вид: Ф N: стар фонд Дата: 01.01.1995 Книги
Изтеглен Не е изгубен   Не е повреден без рестрикции заемане за дома 13143 Регионална библиотека "Любен Каравелов" Русе Регионална библиотека "Любен Каравелов" Русе Детски отдел 1995-01-01 Детски отдел 119.00 614933 ДХ 820/899/В 20 614933 5 60.84 Дост: Pk Вид: Ф N: стар фонд Дата: 01.01.1995 Дата инв: 08.09.2015 Бележки инв: Д2015 Книги
  Не е изгубен Universal Decimal Classification Не е повреден без рестрикции заемане за дома 13144 Регионална библиотека "Любен Каравелов" Русе Регионална библиотека "Любен Каравелов" Русе Заемна - подръчен фонд 2017-12-14 Заемна - подръчен фонд 12.00 120000817941 П 820(73)-31/В 20 120000817941 6 6.14 Дост: DA Вид: А N: 44 Дата: 14.12.2017 Дата инв: 14.02.2018 Бележки инв: П2018 Книги
Vip Innovations Ltd, Rousse, Bulgaria 2025